000 00446nam a2200181Ia 4500
008 090124s9999 xx 000 0 und d
082 _b130693
100 _aपोरे सुरेश
245 _a साहेब
250 _a1
260 _c2002
300 _a90
600 _aपोरे सुरेश
630 _a साहेब
700 _aपोरे सुरेश
730 _a साहेब
942 _cBOOK
999 _c176782
_d176782